Film / Série aléatoire avec les images - Statistiques

Statistiques générales
  • Ce quiz a été pris 137 fois
    90 depuis la dernière actualisation
  • Le résultat moyen est 9 sur 11
Statistiques - réponses
Par images Réponse % Correct
Le roi lion
100%
Le Grinch
97%
Le monde de Nemo
97%
Iron man
93%
Venom
91%
Lilo et Stitch
87%
Lucifer
84%
Minecraft
71%
The Witcher
67%
Capitaine America
44%
Les sous doués
44%
Aucun quiz correspondant
Distribution des résultats
% des personnes avec chaque résultat
Percentile par nombre de réponses
Votre historique - résultats
Vous n’avez pas pris ce quiz depuis la dernière actualisation